=LDR 00000nam 2200000 4500 =001 INLIS000000000052646 =005 20180221121322 =035 ##$$a 0010-0218000342 =007 ta =008 180221###########################0#ind## =020 ##$$a 978-979-29-0847-3 =082 ##$$a 372.6 =084 ##$$a 372.6 SUM t =100 #$$a Sumastuti Dyah =245 1#$$a 30 menit pandai berbahasa inggris : $b untuk kelas 3 SD/MI =260 ##$$a yogyakarta :$b Andi,$c 2009 =300 ##$$a 148 hlm : $b Ilus ; $c 35 cm =990 ##$$a 44274427 =990 ##$$a 00092248